Историческая хрестоматия нового периода русской словесности. Т. 2: От Карамзина до Пушкина (Запись № 13406318)

Подробности
000 -МАРКЕР
контрольное поле 01479nam2a2200253 4500
001 - ИДЕНТИФИКАТОР ЗАПИСИ
контрольное поле RU\NLR\BIBL_A\022535692
005 - ИДЕНТИФИКАТОР ВЕРСИИ
контрольное поле 20260406141435.0
035 ## - ДРУГИЕ СИСТЕМНЫЕ НОМЕРА
Идентификатор записи (NLR Aleph) 022535692
100 ## - ДАННЫЕ ОБЩЕЙ ОБРАБОТКИ
Данные общей обработки 20060512d1880 |||y0rusy50 ca
101 0# - ЯЗЫК РЕСУРСА
Язык текста, звукозаписи и т.д. русский
102 ## - СТРАНА ПУБЛИКАЦИИ ИЛИ ПРОИЗВОДСТВА
Страна публикации Российская Федерация
105 ## - ПОЛЕ КОДИРОВАННЫХ ДАННЫХ: ТЕКСТОВЫЕ МАТЕРИАЛЫ, МОНОГРАФИЧЕСКИЕ
Кодированные данные о монографическом текстовом документе y j 000yy
200 1# - ЗАГЛАВИЕ И СВЕДЕНИЯ ОБ ОТВЕТСТВЕННОСТИ
Основное заглавие От Карамзина до Пушкина
210 ## - ПУБЛИКАЦИЯ, РАСПРОСТРАНЕНИЕ И ДР.
Дата издания, распространения и т.д. 1880
Место издания, распространения и т.д. Б. м.
215 ## - ФИЗИЧЕСКАЯ ХАРАКТЕРИСТИКА
Специфическое обозначение материала и объем [2], IV 480 с.
461 #0 - УРОВЕНЬ НАБОРА
Встроенное поле 001v19\rc\1346616
-- 2001#$aИсторическая христоматия новаго периода русской словесности$fсоставил А. Галахов$vТ. 2
-- 700#1$aГалахов$bА. Д.$f1807-1892$gАлексей Дмитриевич$3RU\NLR\AUTH\7759989
Системный номер (АБИС) связанной записи 5399453
Автор Галахов, А. Д. (1807-1892)
Место публикации Санкт-Петербург
Дата публикации 1880
Издание 3-е изд., без перемен. Т. 1-2
Первые сведения об ответственности Сост... А. Галаховым
Сведения, относящиеся к заглавию [От Петра I до нашего времени]
Физическая характеристика 2 т.
Заглавие Историческая хрестоматия нового периода русской словесности
Номер тома Т. 2
702 #1 - ИМЯ ЛИЦА - ВТОРИЧНАЯ ОТВЕТСТВЕННОСТЬ
Код отношения Прочие
Материалы, к которым относится поле rus
Графика поля Кириллица
Начальный элемент ввода Карамзин
Часть имени, кроме начального элемента ввода Н. М.
Даты 1766-1826
Расширение инициалов личного имени Николай Михайлович
Идентификатор авторитетной/нормативной записи RU\NLR\AUTH\773443
Системный номер авторитетной/нормативной записи 113439
702 #1 - ИМЯ ЛИЦА - ВТОРИЧНАЯ ОТВЕТСТВЕННОСТЬ
Код отношения Прочие
Материалы, к которым относится поле rus
Графика поля Кириллица
Начальный элемент ввода Пушкин
Часть имени, кроме начального элемента ввода А. С.
Дополнения к именам, кроме дат поэт
Даты 1799-1837
Расширение инициалов личного имени Александр Сергеевич
Идентификатор авторитетной/нормативной записи RU\NLR\AUTH\77386
Системный номер авторитетной/нормативной записи 110441
852 ## - МЕСТОНАХОЖДЕНИЕ И ШИФР ХРАНЕНИЯ
Идентификатор организации NLR
Шифр хранения (Call Number) 18.140.4.50(2)
942 ## - ДОПОЛНИТЕЛЬНЫЕ ЭЛЕМЕНТЫ ЗАПИСИ (АБИС)
Тип экземпляра АБИС Книга
980 ## - КОЛЛЕКЦИЯ
Название коллекции Национальная библиография
Экземпляры
Тип экземпляра Дата поступления Библиотека постоянного хранения Библиотека текущего хранения Место хранения Шифр хранения Штрих-код Статус экземпляра
Книга 07.05.2025 РНБ (Садовая) РНБ (Садовая) Русский книжный фонд -Главное здание, Ленинский читальный зал 18.140.4.50(2) 22535692-10